000 00324 a2200133 4500
000 nam a22 7a 4500
100 _aSubhash Verma
110 _aSubhash Verma
245 _aWater and Wastewater Engineering Technology
250 _alatest edition
260 _bCRC/CBS
_c2024
264 _bCRC/CBS
_c2024
942 _cBK
999 _c395744
_d395744